000 005770000a22001810004500
003 MACL
005 20160512120402.0
008 160512b xxu||||| |||| 00| 0 eng d
040 _aMACL
_cMACL
041 _aHindi
082 _a891431 PAS
100 _aपाषाण, अनंत कुमार
_956255
245 _aचैत
_cअनंत कुमार पाषाण्‍ा
260 _bजीवन प्रभात प्रकाशन
_c1992
_aबम्‍बई
350 _a45
650 _aHindi Poetry
_955213
942 _cHIN
_k891.431/PAS/P
_2ddc
999 _c19820
_d19820